• 首页
  • 本馆介绍
  • 公告通知
  • 最新文献
  • 馆藏检索
  • 电子资源
  • 读者荐购
  • 参考咨询
  • CALIS
  • 我的图书馆
  • 登录
  • 详细信息显示
  • 放入我的书架
  • 预约/预借图书
  • 作者相关作品
  • 分类相关作品
  • 丛书相关作品
  • 出版社相关作品

书目信息

  • 表格格式
  • 工作单格式
  • 卡片格式
题名:
小动物大智慧
    
 
作者: 郭泰 著 ;李汉文 插图
分册:  
出版信息: 桂林   广西师范大学出版社  2005.05
页数: 202页
开本: 20cm
丛书名:
单 册:
中图分类: Q95-49
科图分类:
主题词: 动物--dong wu--普及读物
电子资源:
ISBN: 7-5633-5144-2
 
 
 
 
 
000 00904nam0 2200229 450
001 012006702199
005 20060701100116.65
010    @a7-5633-5144-2@dCNY15.00
100    @a20060611d2005 km y0chiy0120 ea
101 0  @achi
102    @aCN@b450000
105    @aa z 000yy
200 1  @a小动物大智慧@Axiao dong wu da zhi hui@f郭泰著@Fguo tai zhu@g李汉文插图@Gli han wen cha tu
210    @a桂林@c广西师范大学出版社@d2005.05
215    @a202页@c图@d20cm
330    @a本书从知识性、趣味性、启示性的角度切入,描绘动物界的人性面,有父母子女之间的亲情,雌雄之间的爱情和互助合作的友情,而动物的种种美德能启发人类,它们的许多行为值得人类学习和深思。本书还邀请纸雕名家李汉文绘制了精彩漫画,凸显明晰的图像语言。
606 0  @a动物@Adong wu@j普及读物
690    @aQ95-49@v4
701  0 @a郭泰@Aguo tai@4著
702  0 @a李汉文@Ali han wen@4插图
801  0 @aCN@bQSSK@c20060701
905    @a10447@dQ95-49@eG843
    
    小动物大智慧/郭泰著/李汉文插图.-桂林:广西师范大学出版社,2005.05
    202页:图;20cm
    
    
    ISBN 7-5633-5144-2:CNY15.00
    本书从知识性、趣味性、启示性的角度切入,描绘动物界的人性面,有父母子女之间的亲情,雌雄之间的爱情和互助合作的友情,而动物的种种美德能启发人类,它们的许多行为值得人类学习和深思。本书还邀请纸雕名家李汉文绘制了精彩漫画,凸显明晰的图像语言。
●
相关链接 在E读中查询图书 在当当中查询图书 在豆瓣中查询图书


正题名:小动物大智慧     索取号:Q95-49/G843         预约/预借

序号 登录号 条形码 馆藏地/架位号 状态 备注
1 583313   205833133   自科库401/401自科库 36排3列4层/ [索取号:Q95-49/G843] 在馆    
2 583314   205833142   自科库401/401自科库 36排3列4层/ [索取号:Q95-49/G843] 在馆    
3 583315   205833151   自科库401/401自科库 36排3列4层/ [索取号:Q95-49/G843] 在馆    
河南城建学院图书馆 欢迎您!
大连网信软件有限公司© 版权所有